Konzorcium Concept s: mladí divadelníci do Európy

Bibliographic Details
Main Authors: Hroncová, Silvia, 1964- (Author), Kerata, Ladislav, 1961- (Author)
Format: Article
Language:Slovak
Subjects:

MARC

LEADER 00000nab a2200000 a 4500
001 vtls000413385
003 SK-MaSNL
005 20260305023040.0
008 140507c1991 xo 0 slo
015 |a SNBRB19rr/mm-uuuuu 
035 |a CL0413510 
040 |a SNKBUCL  |b slo  |c SNKBUCL  |e AACR2 
041 0 |a slo 
044 |a xo  |c SK 
080 |a 792:061.2(4)  |2 1981 
080 |a 061.2(4)  |2 1981 
100 1 |a Hroncová, Silvia,  |d 1964-  |4 aut  |9 104960 
245 1 0 |a Konzorcium Concept s: mladí divadelníci do Európy  |c Silvia Hroncová, Ladislav Kerata 
650 0 7 |a Concept s (Konzorcium pre koordináciu a spoluprácu  |2 snkbucl  |9 1600976 
655 7 |a články z novín a časopisov  |2 snkbucl  |9 267496 
700 1 |a Kerata, Ladislav,  |d 1961-  |4 aut  |9 104475 
773 0 |t Kultúrny život  |g Roč. 25, č. 10 (1991), s. 12 
850 |a Slovenská národná knižnica v Martine  |a MTA001 
852 |a SNK  |b KIS3GCP 
958 |a RK 
992 |a RBX 
999 |c 3294313  |d 3296243